000
00342 a2200157 4500
001
60526
020
_a
040
_c
Anchieta - Pituba
100
_a
D´Ávila, Teresa
240
1
0
_a
Quando o coração reza
_l
por
245
1
0
_a
Quando o coração reza
300
_a
147
362
0
_a
1985
650
4
_a
Literatura devocional
942
_c
BK
999
_c
60526
_d
60526